000
00287nam a22001337a 4500
008
170204b xxu||||| |||| 00| 0 eng d
020
_a
0803644981
041
_a
eng
080
_2
3RD
_a
61
100
_a
3
101
_a
SHM
245
_a
MEDICAL TERMINOLOGY
_c
GYLYS, B.A
942
_2
udc
_c
BK
999
_c
4611
_d
4611